The Beatles Missing Word Click Quiz - Statistics

General Stats
  • This quiz has been taken 3,329 times
  • The average score is 27 of 30
Answer Stats
Hint Answer % Correct
A Day In The ____ Life
96%
All You Need Is ____ Love
96%
Can’t Buy Me ____ Love
96%
I ____ To Hold Your Hand Want
96%
A Hard ____'s Night Day
95%
Eight ____s A Week Day
95%
From Me To ____ You
95%
Cry ____ Cry Baby
94%
Got To Get You Into My ____ Life
94%
I Don’t ____ To Spoil The Party Want
94%
____, You're a Rich Man Baby
93%
Birth____ Day
93%
In My ____ Life
93%
Run For Your ____ Life
93%
____ Me Do Love
93%
She Loves ____ You
93%
Good ____ Sunshine Day
92%
Do You ____ To Know A Secret Want
92%
____ It's You Baby
91%
I ____ To Tell You Want
91%
____ Tripper Day
90%
It's ____ Love Only
90%
I'm ____ Sleeping Only
90%
____ Won't See Me You
86%
____'s in Black Baby
79%
____ A Northern Song Only
77%
____ Never Give Me Your Money You
77%
____ You To Love
72%
Real ____ Love
68%
For ____ Blue You
51%
No matching quizzes found
Score Distribution
Percent of People with Each Score
Percentile by Number Answered
Your Score History
You have not taken this quiz